Why evolution works (and creationism fails)
Uloženo v:
| Hlavní autoři: | , |
|---|---|
| Další autoři: | |
| Médium: | Kniha |
| Jazyk: | angličtina |
| Vydáno: |
New Brunswick, N.J., USA:
Rutgers University Press,
2009
|
| Edice: | Evolution / Science
|
| Témata: | |
| Tagy: |
Přidat tag
Žádné tagy, Buďte první, kdo vytvoří štítek k tomuto záznamu!
|
MARC
| LEADER | 00000nam a22000007a 4500 | ||
|---|---|---|---|
| 003 | CL-VaPUC | ||
| 005 | 20220616110916.0 | ||
| 008 | 220606b2009 ||||| |||| 00| 0 eng d | ||
| 999 | |c 435802 |d 435800 | ||
| 020 | |a 978-0-8135-4550-9 | ||
| 040 | |c Pontificia Universidad Católica de Valparaíso | ||
| 082 | |a 576.8 YOU 2009 | ||
| 100 | 1 | |a Young, Matt |e author |9 870239 | |
| 245 | |a Why evolution works (and creationism fails) | ||
| 260 | |a New Brunswick, N.J., USA: |b Rutgers University Press, |c 2009 | ||
| 300 | |a 241 páginas | ||
| 490 | |a Evolution / Science | ||
| 500 | |a c.1 Donación Biblioteca Curauma. 13/05/2022 | ||
| 583 | |c 20220606 |k Catalogador Asistente | ||
| 650 | |a Evolución |x Biología |9 870522 | ||
| 650 | |a Creacionismo |9 320562 | ||
| 700 | |a Strode, Paul K. |e author |9 870240 | ||
| 700 | |a Padian, Kevin |e foreword |9 870241 | ||
| 942 | |2 ddc |c BK | ||
| 952 | |0 0 |1 0 |2 ddc |4 0 |6 576_800000000000000_YOU_2009 |7 0 |8 A |9 583419 |a BIBCUR |b BIBCUR |c GEN |d 2022-06-06 |e Donación |i 5651549 |o 576.8 YOU 2009 |p 5651549 |r 2025-04-22 |t 1 |w 2022-06-06 |y BK |k BIO | ||